Central Library OPAC University of Rajshahi

شرح ملا على بن سلطان محمد القارى الحنفي على الفقه الاكبر للإمام الأعظم أبى حنيفة النعمان بن ثابت الكوفي.;; Sharḥ al-Mullà ʻAlī ibn Sulṭān Muḥammad al-Qārī al-Ḥanafī ʻalà al-fiqh al-akbar lil-imām al-aʻẓam abī Ḥanīfah al-Nuʻmān ibn Thābit al-Kūfī./ (Record no. 79157)

MARC details
000 -LEADER
fixed length control field 01446nam a2200241 i 4500
001 - CONTROL NUMBER
control field 79157
003 - CONTROL NUMBER IDENTIFIER
rucl marc code BD-RjUL
005 - DATE AND TIME OF LATEST TRANSACTION
control field 20220112103227.0
008 - FIXED-LENGTH DATA ELEMENTS--GENERAL INFORMATION
fixed length control field 220111s1955 ua ||| | ara d
035 ## - SYSTEM CONTROL NUMBER
System control number (BD-RjUL)79157
040 ## - CATALOGING SOURCE
Original cataloging agency UkOxU
Language of cataloging eng
Description conventions rda
Transcribing agency UkOxU
041 ## - LANGUAGE CODE
Language code of text/sound track or separate title ara
082 ## - DEWEY DECIMAL CLASSIFICATION NUMBER
Edition number 23
Classification number 349.297
Author mark and year QAS 1955
100 1# - MAIN ENTRY--PERSONAL NAME
Personal name Qārī al-Harawī, ʿAlī ibn Sulṭān Muḥammad,
Dates associated with a name -1605 or 1606.
9 (RLIN) 666
245 10 - TITLE STATEMENT
Title شرح ملا على بن سلطان محمد القارى الحنفي على الفقه الاكبر للإمام الأعظم أبى حنيفة النعمان بن ثابت الكوفي.;; Sharḥ al-Mullà ʻAlī ibn Sulṭān Muḥammad al-Qārī al-Ḥanafī ʻalà al-fiqh al-akbar lil-imām al-aʻẓam abī Ḥanīfah al-Nuʻmān ibn Thābit al-Kūfī./
Statement of responsibility, etc. تاليف علي بن سلطان محمد القاري ; لابي حنيفة النعمان
246 30 - VARYING FORM OF TITLE
Title proper/short title الفقه الأكبر ;; fiqh al-akbar
250 ## - EDITION STATEMENT
Edition statement الطبعة الثانية.;; al-Ṭabʻah al-thāniyah.
264 #1 - PRODUCTION, PUBLICATION, DISTRIBUTION, MANUFACTURE, AND COPYRIGHT NOTICE
Place of production, publication, distribution, manufacture مصر : ;; Miṣr :
Name of producer, publisher, distributor, manufacturer شركة مكتبة ومطبعة مصطفى البابي الحلبي واولاده,;; Sharikat Maktabt wa-maṭbaʻat Muṣṭafà al-Bābī al-Ḥalabī,
Date of production, publication, distribution, manufacture, or copyright notice 1955.
300 ## - PHYSICAL DESCRIPTION
Pagination 200 pages ;
Size 25 cm
650 #0 - SUBJECT ADDED ENTRY--TOPICAL TERM
Topical term or geographic name as entry element Islamic law
Form subdivision Early works to 1800.
9 (RLIN) 667
880 #1 - ALTERNATE GRAPHIC REPRESENTATION
Linkage 264-04//r
a مصر :
b شركة مكتبة ومطبعة مصطفى البابي الحلبي واولاده,
c 1955.
942 ## - ADDED ENTRY ELEMENTS (KOHA)
Source of classification or shelving scheme Dewey Decimal Classification
Koha item type Books
Holdings
Lost status Source of classification or shelving scheme Damaged status Not for loan Collection code Permanent Location Current Location Shelving location Date acquired Total Checkouts Full call number Date last seen Copy number Koha item type
  Dewey Decimal Classification   Not For Loan Non-fiction Central Library, University of Rajshahi Central Library, University of Rajshahi Reading Room 12/01/2022   A 349.297 QAS 1955 12/01/2022 C-1 Books